000 00819nam a2200205Ii 4500
003 JO-AjNU
008 230605s9999||||xx |||||||||||||| ||und||
040 _aJO-AjNU
_bara
_erda
_cJO-AjNU
041 _aara
050 1 4 _aBP184.25.U5622 2002
100 3 _aالأنقوري، عبد الحميد بن عبد الرحمن ؛ تحقيق وضبط وتعليق: خالد عبد الفتاح شبل,
_eauthor
_97364
245 0 0 _aمنية الواعظين وغنية المتعظين
250 _aط1
264 3 1 _aبيروت: دار الكتب العلمية، 2002
300 _a128ص
_bالفهارس العامة ص 109-123
336 _atext
_btxt
_2rdacontent
337 _aunmediated
_bn
_2rdamedia
338 _avolume
_bnc
_2rdacarrier
650 4 _aالوعظ والارشاد- الدعوة الاسلامية
_97365
999 _aA242
_c3810
_d3810